=LDR 00000nam 2200000 4500 =001 INLIS000000000035861 =005 20130612141703 =008 ***********************************Ind** =035 ##$$0010-061300000035861 =041 ##$$a Ind =082 ##$$a 384.535 =090 ##$$a 384.535, Man =100 ##$$a darut tharieq riyadl =245 ##$$a Handphone, antara manfaat dan bahayanya =260 ##$$b pustaka anisah =300 ##$$a 168 hlm, ilus, 14 cm =850 ##$$a NBPNMAT